00389nam a2200157Ia 45000010006000000050017000060080041000230410008000640820018000721000032000902450056001222600009001783000028001876500008002156540008002231801620260306171559.0260306s9999||||xx |||||||||||||| ||und|| aESP a658.3125bC95 aCuesta Santos, ArmandoeAUT 0aManual para la evaluación del desempeño laboral c2018 a174 páginas :c25 cm. aGEN aCAN